| 000 | 00749nam a22002537a 4500 | ||
|---|---|---|---|
| 003 | CHAP | ||
| 005 | 20220329135228.0 | ||
| 008 | 971013s r 10010 d | ||
| 010 | _a32967 | ||
| 011 | _a33939 | ||
| 035 | _a38055 | ||
| 040 | _cCHAP | ||
| 082 |
_a632.58 _bN6 1949 |
||
| 111 | 0 | 0 |
_aNorth Central Weed Control Conference ( _n6 _d: 1949 _c: Sioux Falls, S. Dak.) _981804 |
| 245 | _aProceedings | ||
| 260 |
_aBrookings, South Dakota : _bNCWC, _c(s.a.) |
||
| 300 | _a120 p. | ||
| 590 |
_aBATCH-UPD _b10 _c20130110 _lUCH01 _h1308 |
||
| 590 |
_aCONVERSION _b10 _c20130109 _lUCH01 _h1319 |
||
| 650 | 1 | 4 |
_aMalas hierbas _xControl. _970011 |
| 901 | _aBK | ||
| 942 | _cLIBRO | ||
| 949 |
_a632.58 N6 1949 _bBC _cLIBRO _d-87089 _eLIBRO _h22521 _i38055 _si |
||
| 999 |
_c32967 _d32967 |
||